MDQL
is popping MORE tags! Check the
thread
!
Quizzes
Events
Quiz Creation
Community
Videos
Private Events
Remove Ads
Sign In
Join for FREE
Feedback
Dark Mode
Quiz Categories
Sports
Geography
Music
Movies
Television
Just For Fun
Miscellaneous
History
Literature
Language
Science
Gaming
Entertainment
Religion
Holiday
For Kids
Quiz Lab
Recent
Popular Today
Quiz Kudos Today
Editor Picks
Curator Picks
Quizzes by...
Day
Popularity
Type
Ratings
Length
Year
Community
Subscriptions
Recent Discussions
Orange Saloon
Badges
Playlists
Quests
Create
Leaderboards
Showdown
Live 5
Trivia Bingo
Activity
Puzzle Library
Sporcle Events
Private Events
Virtual Trivia
Globe League
Become a Host
Pub Owners
SporcleCon
Opinionation
Our Games
Videos
Blog
Mobile Apps
Partnerships
Remove Ads and Go Orange
Feedback
History
US Presidents
World Leaders
Politics
Nation
Discovery
War
Decade
Year
Century
Biography
Art
History
US Presidents
World Leaders
Politics
Nation
Discovery
War
Decade
Year
Century
Biography
Art
Random Quiz
Search Sporcle
×
Quiz Lab
Quiz Lab
History
US Senators
Type in answers that appear in a list
Type in answers that appear in a list
Classic
Best Score? Go Orange.
Most Democratic States with Rep Senators Stats
Can you name the Most Democratic States with Rep Senators?
By
adidag0
2m
10 Questions
1,547 Plays
1,547 Plays
1,547 Plays
Comments
Comments
Give Quiz Kudos
Give Quiz Kudos
-
- Ratings
hide this ad
More Info
Replay
Link that replays current quiz
Next Quiz
Link to next quiz in quiz playlist
You Got
0%
They Got
Avg Score
76%
Avg Friend Score
Upgrade to see
Score Distribution
Jump to the score distribution portion of the page
Score
0/10
Timer
02:00
0
Plays Today
% Obama Margin
State
% Correct
17.32
Maine
85.3%
17.32
Maine
85.3%
4.58
Ohio
82%
10.31
Pennsylvania
79.1%
25.11
Illinois
79%
25.81
Massachusetts
79%
9.61
New Hampshire
78.9%
13.90
Wisconsin
75.9%
9.53
Iowa
63.2%
12.49
Nevada
61.1%
Quiz Playlist
Details
Report
Send in Message
Add To Playlist
More Info:
List the top 10 Obama states that are represented by a Republican in the US Senate.
Classic:
Type in answers that appear in a list
Quiz Source
Last Updated: Feb 16, 2017
Quiz Scoreboard
CHALLENGE
Sign Up to Join the Scoreboard
Show All
Scores
Hide
Comments
May contain spoilers
Recently Published
5x2 Blitz: Bands
by SL_Kpop136
Music
30s
Colored Red Africa Blitz
by spor1
Geography
30s
Find the 'City' Movie
by crazypaving
Movies
60s
More to Explore
Quiz From the Vault
Featured Blog Post
14 Easter Pick-up Lines to Find Eggs With
hide this ad
You Might Also Like...
Tags
US Senators
Today's Top Quizzes in History
Browse History
hide this ad
Today's Top Quizzes in US Senators
Browse US Senators
Top Contributed Quizzes in History
1
Popular People in 1991
2
US National Parks Named After People
3
Popular People in 1951
4
Order Up: 1000 Years of World Events I
5
Popular People in 1941
6
Popular People in 1981
7
Popular People in 1986
8
Popular People in 1921
9
Popular People in 1976
10
Magic 10 Blitz: U.S. Presidents
Explore More
Trending Topics
Marvel
Anime
Crossword
NBA
Kpop
Disney
Harry Potter
Song
Pokémon
The Office
Soccer
WWE
Country
Puzzle
NFL
hide this ad
More By:
adidag0
Quiz
Plays
Rating
Category
Featured
Created
Largest US Cities in History
101,667
4.55
Geography
Jun 4, 2011
Most Democratic States with Rep Senators
1,547
4.13
History
Jan 6, 2011
Most Populous Gay Marriage Jurisdictions
699
3.83
Geography
Jan 17, 2011
Most Republican States with Dem Senators
633
4.00
History
Jan 6, 2011
Countries Against Gay Bashing
618
4.29
Geography
Mar 23, 2011
Go to Creator's Profile
Score Distribution
Quiz Creator Spotlight
adidag0
Follow
Send a Message
Quizzes Created
-
Created Quiz Play Count
-
More By This Creator
Popular Quizzes Today
1
Colored Red Africa Blitz
2
Find the 'City' Movie
3
Find the US States - No Outlines Minefield
4
5x2 Blitz: Bands
5
The Countries of the World
6
Find the US States
7
US States
8
9x9 Crossword: Cartoon Network
More History Quizzes
20 Centuries, 20 Questions: 5th Century
Curator's Pick
Trending Quizzes
Colored Red Europe Blitz I
Colored Red Europe Blitz II
Colored Red Africa Blitz II
Colored Red Europe Blitz III
Colored Red Africa Blitz III
Recently Updated
How Do You Spell That?
pecheneg
Godzilla Movies
pecheneg
Grab Bag: 4-10 Letters
pecheneg
2024 March Madness Bracket
pecheneg
Famous TV Couples
Peacemaker
Champions League XIs: Real Madrid
pecheneg
Largest US Cities 1790-2010
pecheneg
Rides in Walt Disney World
pecheneg
Most Oscar Losses (Acting)
pecheneg
Beyoncé Albums
pecheneg
Trending Topics
Disney
Anime
Crossword
NBA
Marvel
Kpop
Harry Potter
Song
The Office
Pokémon
Puzzle
Soccer
Country
NFL
WWE
Your Account Isn't Verified!
In order to create a playlist on Sporcle, you need to verify the email address you used during registration. Go to your
Sporcle Settings
to finish the process.
Report this User
Report this user for behavior that violates our
Community Guidelines
.
Details:
Send Report
Go to the Sporcle.com Mobile Site →
Comments